000 00761nam a2200169 a 4500
008 120416s1977 ||||||||||||||||| || u
050 _aIBRD(02)
110 _aWorld Bank
245 1 0 _aZambia- a Basic Economic Report: annex 4: a long-run projection model
260 _aWashington D.C.
_bWorld Bank
_c1977
300 _a43p. : ill.
350 _a0.00
650 0 _aZAMBIA--ECONOMIC CONDITIONS--1964-
650 _aZAMBIA
995 _aSPECIAL COLLECTIONS
_D0.00
_eIBRD(02)1977/ 4A
_FCBU-MAIN LIBRARY (Kitwe)
_H1
_I0.00
_jIBRD(02)1977/ 4A
_M1
_UAVAILABLE
_y55699
_ZInternational Publications
995 _aSPECIAL COLLECTIONS
_D0.00
_eIBRD(02)1977/ 4B
_FCBU-MAIN LIBRARY (Kitwe)
_H1
_I0.00
_jIBRD(02)1977/ 4B
_M1
_UAVAILABLE
_WApr 25, 2007
_y55700
_ZInternational Publications
999 _c83366
_d83366